Quizzes
Events
Quiz Creation
Community
Videos
Private Events
Remove Ads
Sign In
Join for FREE
Feedback
Dark Mode
Quiz Categories
Sports
Geography
Music
Movies
Television
Just For Fun
Miscellaneous
History
Literature
Language
Science
Gaming
Entertainment
Religion
Holiday
For Kids
Quiz Lab
Recent
Popular Today
Quiz Kudos Today
Editor Picks
Curator Picks
Quizzes by...
Day
Popularity
Type
Ratings
Length
Year
Community
Subscriptions
Recent Discussions
Orange Saloon
Badges
Playlists
Quests
Create
Leaderboards
Showdown
Live 5
Trivia Bingo
Activity
Puzzle Library
Sporcle Events
Private Events
Virtual Trivia
Globe League
Become a Host
Pub Owners
SporcleCon
Opinionation
Our Games
Videos
Blog
Mobile Apps
Partnerships
Remove Ads and Go Orange
Feedback
Entertainment
Celebrity
Famous
Musical
Broadway
Show
Quote
Comic Books
Anime
Superhero
DC Comics
Marvel
Cartoons
Animation
Entertainment
Celebrity
Famous
Musical
Broadway
Show
Quote
Comic Books
Anime
Superhero
DC Comics
Marvel
Cartoons
Animation
Random Quiz
Search Sporcle
×
Quiz Lab
Quiz Lab
Entertainment
Adventure
Type in answers that appear in a list
Type in answers that appear in a list
Classic
Best Score? Go Orange.
The Adventures of Mary-Kate & Ashley Movie Titles Stats
Can you name the The Adventures of Mary-Kate & Ashley Movie Titles?
By
LV51sfan91
2m
11 Questions
28 Plays
28 Plays
28 Plays
Comments
Comments
Give Quiz Kudos
Give Quiz Kudos
-
- Ratings
hide this ad
More Info
Replay
Link that replays current quiz
Next Quiz
Link to next quiz in quiz playlist
You Got
0%
They Got
Avg Score
53%
Avg Friend Score
Upgrade to see
Score Distribution
Jump to the score distribution portion of the page
Score
0/11
Timer
02:00
0
Plays Today
Detective Childhood Series
1990's
% Correct
The Case of the _
_
_
_
_
Caper
Christmas
82.1%
The Case of the Fun _
_
_
_
Mystery
House
75%
The Case of the Haunted _
_
_
_
Mansion
64.3%
The Case of the _
_
_
_
_
Who _
_
_
_
it
Hotel
64.3%
The Case of the _
_
_
_
_
Adventure
Sea World
57.1%
The Case of the _
_
_
_
I _
_
_
_
_
Logical
57.1%
The Case of the U.S. _
_
_
_
_
_
_
_
_
Mission
Space Camp
46.4%
The Case of the _
_
_
_
Encounter
Shark
46.4%
The Case of the Mystery _
_
_
_
_
Cruise
46.4%
The Case of the _
_
_
_
_
_
Mystery
Volcano
28.6%
The Case of the United States _
_
_
_
_
_
_
_
_
Navy Adventure
21.4%
Quiz Playlist
Details
Report
Send in Message
Add To Playlist
More Info:
Can you name all of the Olsen twins mystery movies?
Classic:
Type in answers that appear in a list
Last Updated: Feb 16, 2017
Quiz Scoreboard
CHALLENGE
Sign Up to Join the Scoreboard
Show All
Scores
Hide
Comments
May contain spoilers
Recently Published
9x9 Crossword: Cartoon Network
by jackfrog10
Miscellaneous
3m
College Basketball Coaching Resumes
by pancakes188
Sports
9m
Billboard Blitz: Fleetwood Mac
by CooCooCachoo
Music
15s
More to Explore
Quiz From the Vault
Featured Blog Post
Where Did the Easter Bunny Come From?
hide this ad
You Might Also Like...
Tags
1990
Adventure
Adventures Characters
Ashley
childhood
Detective
Mary-Kate
Today's Top Quizzes in Entertainment
Browse Entertainment
hide this ad
Today's Top Quizzes in Adventure
Browse Adventure
Top Contributed Quizzes in Entertainment
1
7-to-1: DC Comics Villains
2
Marvel Characters Bunker
3
Eurovision 2023 Logic Puzzle
4
Dragon Ball Z: Goku's Fights in Order
5
Criteria Quickie: Cartoon Taxonomy II
6
Sorting Pictures: Villains
7
Kamen Rider Motifs
8
Mini Trivia Sudoku: Musicals
9
Fictional Villains Letter U Blitz
10
7-to-1: One Piece
Explore More
Trending Topics
NBA
Marvel
Crossword
Harry Potter
Kpop
Anime
Disney
NFL
Country
The Office
Song
WWE
Puzzle
Soccer
Pokémon
hide this ad
More By:
LV51sfan91
Quiz
Plays
Rating
Category
Featured
Created
Mary-Kate and Ashley Party Videos
111
2.00
Entertainment
Mar 27, 2011
Mary-Kate & Ashley Olsen Songs
80
Entertainment
Mar 27, 2011
The Adventures of Mary-Kate & Ashley Movie Titles
28
Entertainment
Mar 27, 2011
Go to Creator's Profile
Score Distribution
Quiz Creator Spotlight
LV51sfan91
Follow
Send a Message
Quizzes Created
-
Created Quiz Play Count
-
More By This Creator
Popular Quizzes Today
1
Find the US States - No Outlines Minefield
2
Find the Countries of Europe - No Outlines Minefield
3
The Countries of the World
4
Find the US States
5
Risky Map Clicking: Biggest States A-Z
6
US States
7
Popular People in 1961
8
Movies - When Are They Set?
More Entertainment Quizzes
Find the Cartoon Kids
Published
Trending Quizzes
Risky Map Clicking: Least Populous States A-Z
1-10 Letter G Words
1-10 Letter F Words
Risky Map Clicking: Next State Alphabetically
Adjectives in 80s TV Shows
Recently Updated
Leaping Animals
pecheneg
Reality TV Shows (A-Z)
bhenderson79
Rickey Henderson's Hall of Fame Teammates
pecheneg
Champions League XIs: Arsenal
pecheneg
Quick Pick: Celebrities in WWE's Hall of Fame
aduchscher
A-Z Keypad Blitz II
pecheneg
Multiple Oscar Actors
pecheneg
Mystery Phrase Blitz: Oscar 'Best Actors'
pecheneg
F. Scott Fitzgerald Novels
LTH
Pick 3 Villains
ddd62291
Trending Topics
Disney
NBA
Crossword
Kpop
Anime
Marvel
Harry Potter
Puzzle
Song
The Office
Soccer
Country
Pokémon
NFL
WWE
Your Account Isn't Verified!
In order to create a playlist on Sporcle, you need to verify the email address you used during registration. Go to your
Sporcle Settings
to finish the process.
Report this User
Report this user for behavior that violates our
Community Guidelines
.
Details:
Send Report
Go to the Sporcle.com Mobile Site →
Comments